Studies on Macedonia

Αποθηκεύτηκε σε:
Λεπτομέρειες βιβλιογραφικής εγγραφής
Μορφή: Βιβλίο
Γλώσσα:English
Δημοσίευση: Thessaloniki : Society for Macedonian Studies, 1996.
Σειρά:Μακεδονική βιβλιοθήκη
Θέματα:
Ετικέτες: Προσθήκη ετικέτας
Δεν υπάρχουν, Καταχωρήστε ετικέτα πρώτοι!

MARC

LEADER 00000cam a2200000 i 4500
001 1/89130
008 990909s1996####gr 00| | eng||
020 |a 9607265327 
035 |l 10052709 
040 |a GR-MY-UA  |b gre  |e aacr 
041 0 |a eng 
082 0 |a 938.94  
245 1 0 |a Studies on Macedonia  
260 |a Thessaloniki :   |b Society for Macedonian Studies,   |c 1996.  
300 |a 197 σ. 
490 1 |a (Μακεδονική βιβλιοθήκη ;   |v 85) 
650 0 0 |a Greeks  |z Macedonia  |x Sources. 
650 0 0 |a Macedonian question  |x Sources. 
651 0 |a Macedonia  |x History  |x Sources. 
830 0 |a Μακεδονική βιβλιοθήκη 
852 |a INST  |b LESVOS  |e 19990909  |h 938.94 STU  |p 005100015834  |q 005100015834  |t BK  |y 0 
901 |a BIBL1-1999-2 
909 |a Λ  |b 066978 
970 |z 1999/09/09  |a ΚΑΜΑΤΣΟΥ  |b ΔΕΣΠΟΙΝΑ